01440 2200253 4500001002100000005001500021035002000036007000300056008004100059020002200100082001400122084002000136100003600156245011700192250000600309260004800315300002900363700003300392700003400425700002800459650002900487520065300516990001701169INLIS00000000000086420260421090310 a0010-0823000028ta260421 b 1 ind  a978-979-22-3984-3 a899.221.3 a899.221.3 CAR i0 aCaroline Plaisted ( Pengarang )1 aIh,Capek Deh ! Cringe ! /cCaroline Plaisted,Cherry Whytock ; alih bahasa, Weny Jessica O; editor, E.Dian Angga a- aJakarta :bPT Gramedia Pustaka Utama,c2008 a216 :bilus. ;c20 cme-0 aCherry Whytock ( Pengarang )0 aWeny Jessica O ( Penerjemah )0 aE.Dian Angga ( Editor ) 4aFiksi - Bacaan anak-anak aKeluargamu sangat memalukan. Apa yang akan kaulakukan: a) kabur dari rumah b) mengaku hilang ingatan dan bilang kau sama sekali tidak mengenali keluargamu Amaryllis tidak mengerti kenapa keluarganya bisa begitu memalukan. Ayah Amaryllis merasa dirinya seniman hebat dan memakai topi baret ke mana-mana. Ibunya seorang konselor yang lebih sering menghabiskan waktu dengan membuat puisi-puisi menjijikan---untuk ayah Amaryllis---daripada bekerja. Dan saudara-saudara Amaryllis? Ih, capek deh! Mereka SANGAT mengerikan. Karena itu ia merasa bingung bagaimana ia bisa terjebak dengan orang-orang itu. Benarkah orang-orang itu keluarga aslinya? a00021/K/2013